000 00259nam a2200109Ia 4500
008 190216s9999||||xx |||||||||||||| ||und||
100 _aGlasstone S&Amp; Lewis D
245 0 _aElements Of Physical Chemistry
260 _bMacmillan
300 _a758
942 _cBK
999 _c2140
_d2140